000 02462nam a2200313 i 4500
001 15781
003 DO-SdUEMH
005 20260209152847.0
007 ta
008 211105s2014||||dr |||gr|||| 0|| | spa d
020 _a9789945591002
040 _aDO-SdUEMH
_bspa
_erda
041 _aspa
082 1 4 _aRD 362.5 R426P
_mRD
084 _b16-00113
110 _aRepública Dominicana: Ministerio de Salud
245 0 _aPolítica Nacional de Investigación para la Salud
260 _c2014
264 1 _aSanto Domingo, República Dominicana :
_bIMADIA, E.I.R.L.,
_c2014
264 4 _c©2014
300 _a84 páginas :
_c27 cm.
336 _2rdacontent
_atexto
_btxt
337 _2rdamedia
_asin mediación
_bn
338 _2rdacarrier
_avolumen
_bnc
504 _aContiene Información Bibliográfica.
505 2 _aEsquema general de la Política Nacional de Investigación para la Salud -- Situación de salud en la República Dominicana -- Principios rectores de la Política -- Objetivos de la Política de Investigación -- Marco legal -- Marco conceptual -- Definición de la Política Nacional de Investigación para la Salud -- Lineamientos estratégicos para una Política Nacional de Investigación -- Promover la cultura de investigación para la salud en el país a través de la integración de programas adecuados y pertinentes a todos los niveles del sistema educativo nacional -- Definir las Prioridades Nacionales en Salud como criterios que orienten la asignación de recursos para la investigación científica en salud, apoyadas con fondos gubernamentales y no gubernamentales -- Promover la institucionalización del trabajo del investigador para la salud -- Impulsar la investigación científica en salud -- Gestión del conocimiento -- Propiciar la consecución de recursos en la investigación para la salud -- Promover el intercambio nacional e internacional del conocimiento científico en salud -- Reconocer la excelencia y el emprendimiento de nuevos descubrimientos o aportes significativos en el área de salud realizados por medio de la investigación científica en salud -- Instituir la ética/bioética de la investigación como eje transversal en todas las actividades relacionadas con la actividad científica en salud -- Promover la identificación de las investigaciones en salud realizadas en el país como base para la planificación de las Prioridades de Investigación.
942 _2ddc
_cBK
_n0
999 _c15781
_d15781